00752nam a22002297a 4500003000900000008004100009040007100050082002100121100002200142245003900164260002600203300003900229505009900268650001300367650002400380650001400404650001100418700001900429700002900448700002500477700002000502AR-CdUCM190318b ||||| |||| 00| 0 spa d aMUNICIPALIDAD PROVINCIAL DEL CUSCOcBIBLIOTECA MUNICIPAL DEL CUSCO 29ed.a985 /bV18 aValcarcel, Daniel aHistoria general de los peruanos / aLima :bPEISA,c1983. a3 tomos ;bilustraciones ;c21 cm. aContenido : t.1: El Perú Antiguo -- t.2: El Perú Virreinal -- t.3: El Perú Republicano. aHistoria aHistoria del Perú aRepublica aPerú aMarkham, C. R. aPorras Barrenechea, Raul aVargas Ugarte, Ruben aDocafe, Enrique